Rafael Benitez' Chelsea - Statistics

General Stats
  • This quiz has been taken 11 times
  • The average score is 20 of 24
Answer Stats
Rank Player Position Nationality Matches Goals Assists % Correct
6 Branislav Ivanovic Right-Back 41 5 1
100%
7 Eden Hazard Left Winger 41 9 14
100%
3 Fernando Torres Centre-Forward 44 15 7
100%
13 Gary Cahill Centre-Back 30 1 1
100%
4 Petr Cech Goalkeeper 43 0 0
100%
11 Ashley Cole Left-Back 35 0 3
91%
8 César Azpilicueta Centre-Back 40 0 3
91%
9 David Luiz Centre-Back 40 5 5
91%
15 Demba Ba Centre-Forward 22 6 1
91%
10 Frank Lampard Central Midfield 38 14 6
91%
16 John Obi Mikel Defensive Midfield 18 0 0
91%
2 Juan Mata Attacking Midfield 45 13 20
91%
1 Oscar Attacking Midfield 46 8 7
91%
5 Ramires Central Midfield 42 6 3
91%
17 John Terry Centre-Back 16 5 0
82%
22 Nathan Aké Centre-Back 6 0 0
82%
23 Oriol Romeu Defensive Midfield 4 0 0
82%
12 Victor Moses Right Winger 32 7 3
82%
19 Yossi Benayoun Right Winger 13 0 1
82%
20 Paulo Ferreira Right-Back 7 0 0
73%
14 Ryan Bertrand Left-Back 24 0 0
64%
18 Marko Marin Attacking Midfield 15 1 1
55%
21 Ross Turnbull Goalkeeper 6 0 0
55%
24 Lucas Piazón Attacking Midfield 1 0 1
45%
No matching quizzes found
Score Distribution
Percent of People with Each Score
Percentile by Number Answered
Your Score History
You have not taken this quiz